|
|
|
|
| LEADER |
00000nab a2200000u 4500 |
| 001 |
vtls011896258 |
| 003 |
SK-MaSNL |
| 005 |
20260303162123.0 |
| 008 |
191025|2019 xo ||||||| ||00 ||slo| |
| 038 |
|
|
|a KEVKJB
|
| 040 |
|
|
|a KEVKJB
|b slo
|e rda
|
| 041 |
0 |
|
|a slo
|
| 043 |
|
|
|a e-xo---
|
| 044 |
|
|
|a xo
|c SK
|
| 072 |
|
7 |
|a 352/354
|x Stupne miestnej, oblastnej a ústrednej správy
|2 konspekt
|
| 080 |
|
|
|a 352.075.51
|2 2011
|
| 100 |
1 |
|
|a Marcinová, Daniela
|4 aut
|9 1087227
|
| 245 |
1 |
0 |
|a Zomrel prvý ponovembrový starosta Barce
|c Daniela Marcinová
|
| 300 |
|
|
|b Fotografie
|
| 336 |
|
|
|a text
|b txt
|2 rdacontent
|
| 337 |
|
|
|a bez média
|b n
|2 rdamedia
|
| 338 |
|
|
|a zväzok
|b nc
|2 rdacarrier
|
| 600 |
1 |
7 |
|a Buľko, Ladislav,
|d 1944-2019
|2 kevkjb
|9 1185364
|
| 650 |
0 |
7 |
|a osobnosti
|2 SNKPH
|9 29820
|
| 650 |
0 |
7 |
|a starostovia
|2 SNKPH
|9 29670
|
| 651 |
|
7 |
|a Košice (Slovensko)
|2 SNKPHgeo
|9 18694
|
| 651 |
|
7 |
|a Barca (Košice IV, Slovensko)
|2 SNKPHgeo
|9 19218
|
| 655 |
|
7 |
|a nekrológy
|2 kevkjb
|9 402542
|
| 773 |
0 |
|
|t Košický večer
|g Roč. 52, č. 43 (2019), s. 7
|x 1336-5320
|
| 852 |
|
|
|a KEVKJB
|b KIS3GCP
|
| 958 |
|
|
|a BX
|
| 999 |
|
|
|c 2052295
|d 2054225
|